Central Library OPAC University of Rajshahi

The emergent university : (Record no. 52321)

MARC details
000 -LEADER
fixed length control field 00742nam a2200241 a 4500
001 - CONTROL NUMBER
control field 52321
003 - CONTROL NUMBER IDENTIFIER
rucl marc code BD-RjUL
005 - DATE AND TIME OF LATEST TRANSACTION
control field 20211209075803.0
008 - FIXED-LENGTH DATA ELEMENTS--GENERAL INFORMATION
fixed length control field 160919s1960 enk 00100 eng d
035 ## - SYSTEM CONTROL NUMBER
System control number (BD-RjUL)52441
040 ## - CATALOGING SOURCE
Original cataloging agency ANL
Language of cataloging eng
Modifying agency ANL
Transcribing agency BD-RjUL
041 ## - LANGUAGE CODE
Language code of text/sound track or separate title eng
082 0# - DEWEY DECIMAL CLASSIFICATION NUMBER
Classification number 378.669
Edition number 23
Author mark and year OLE 1960
100 10 - MAIN ENTRY--PERSONAL NAME
Personal name Olubummo, Adegoke.
9 (RLIN) 156586
245 14 - TITLE STATEMENT
Title The emergent university :
Remainder of title with special reference to Nigeria /
Statement of responsibility, etc. by A.Olubummo and J.Ferguson.
260 ## - PUBLICATION, DISTRIBUTION, ETC. (IMPRINT)
Place of publication, distribution, etc. Lond. :
Name of publisher, distributor, etc. Longmans,
Date of publication, distribution, etc. 1960.
300 ## - PHYSICAL DESCRIPTION
Pagination vi, 122 p. ;
Size 18 cm.
500 ## - GENERAL NOTE
General note Include index
610 20 - SUBJECT ADDED ENTRY--CORPORATE NAME
Corporate name or jurisdiction name as entry element Education College of Ibadan, Nigeria.
650 #0 - SUBJECT ADDED ENTRY--TOPICAL TERM
Topical term or geographic name as entry element Education
Geographic subdivision Nigeria.
9 (RLIN) 156588
700 1# - ADDED ENTRY--PERSONAL NAME
Personal name Ferguson, John,
Dates associated with a name 1921-
942 ## - ADDED ENTRY ELEMENTS (KOHA)
Source of classification or shelving scheme Dewey Decimal Classification
Koha item type Books
Holdings
Lost status Source of classification or shelving scheme Damaged status Not for loan Collection code Permanent Location Current Location Shelving location Date acquired Source of acquisition Cost, normal purchase price Total Checkouts Full call number Date last seen Copy number Koha item type
  Dewey Decimal Classification     Non-fiction Central Library, University of Rajshahi Central Library, University of Rajshahi   07/01/1969 Zeitlinger 9.00   378.669 OLE 1960 19/09/2016 C-2 Books